Interakcia hospodárskej a sociálnej politiky v globalizačnom procese
Vzájomné pôsobenie hospodárskej a sociálnej politiky. Účinná hospodárska politika a vytváranie zdrojov pre financovanie výkonov sociálnej politiky. V akých oblastiach ovplyvňuje hospodárska politika sociálnu politiku a naopak. Globalizácia a jej dôsledky - výzva pre hospodársku a sociálnu politiku.
Enregistré dans:
| Auteur principal: | |
|---|---|
| Format: | Chapitre de livre |
| Langue: | slovaque |
| Sujets: | |
| Tags: |
Pas de tags, Soyez le premier à ajouter un tag!
|
MARC
| LEADER | 00000nla$a2200000$$$4500 | ||
|---|---|---|---|
| 001 | 0067014 | ||
| 005 | 20240502071812.3 | ||
| 041 | 0 | |a slo | |
| 044 | |a SK | ||
| 245 | 1 | 0 | |a Interakcia hospodárskej a sociálnej politiky v globalizačnom procese |c Mária Blašková |
| 520 | |a Vzájomné pôsobenie hospodárskej a sociálnej politiky. Účinná hospodárska politika a vytváranie zdrojov pre financovanie výkonov sociálnej politiky. V akých oblastiach ovplyvňuje hospodárska politika sociálnu politiku a naopak. Globalizácia a jej dôsledky - výzva pre hospodársku a sociálnu politiku. | ||
| 610 | 2 | 0 | |a politika hospodárska |
| 610 | 2 | 0 | |a politika sociálna |
| 610 | 2 | 0 | |a výkonnosť ekonomiky |
| 610 | 2 | 0 | |a hospodárstvo trhové |
| 610 | 2 | 0 | |a rast hospodársky |
| 610 | 2 | 0 | |a globalizácia |
| 610 | 2 | 0 | |a konkurencia |
| 100 | 1 | |a Blašková, Mária | |